Tennis ATP Finals Champions - Sudden Death - Statistics

General Stats
  • This quiz has been taken 626 times
  • The average score is 6 of 26
Answers on the Grid
Answers color-coded by a green-red scale on the quiz's grid according to % correct below.
Stan Smith
Ilie Nastase
Guillermo Vilas
Manuel Orantes
Jimmy Connors
John McEnroe
Bjorn Borg
Ivan Lendl
Boris Becker
Stefan Edberg
Andre Agassi
Pete Sampras
Michael Stich
Alex Corretja
Gustavo Kuerten
Lleyton Hewitt
Roger Federer
David Nalbandian
Novak Djokovic
Nikolay Davydenko
Andy Murray
Grigor Dimitrov
Alexander Zverev
Stefanos Tsitsipas
Daniil Medvedev
Jannik Sinner
Rafael Nadal
Carlos Alcaraz
Dominic Thiem
Kei Nishikori
Marin Cilic
Tomas Berdych
David Ferrer
Jo-Wilfried Tsonga
Mats Wilander
John Newcombe
Andy Roddick
Jim Courier
Thomas Muster
Michael Chang
Stan Wawrinka
Marat Safin
Juan Martin del Potro
Casper Ruud
 
Answer Stats
Answer % Correct
Novak Djokovic
55%
Roger Federer
52%
Andre Agassi
39%
Andy Murray
39%
Alexander Zverev
37%
Jannik Sinner
37%
Pete Sampras
36%
Grigor Dimitrov
33%
Daniil Medvedev
29%
Jimmy Connors
29%
John McEnroe
27%
Stefanos Tsitsipas
26%
Boris Becker
25%
Ivan Lendl
25%
Bjorn Borg
22%
Lleyton Hewitt
20%
Nikolay Davydenko
19%
David Nalbandian
16%
Stefan Edberg
14%
Gustavo Kuerten
9%
Ilie Nastase
9%
Alex Corretja
7%
Michael Stich
6%
Stan Smith
4%
Guillermo Vilas
3%
Manuel Orantes
3%
No matching quizzes found
Score Distribution
Percent of People with Each Score
Percentile by Number Answered
Your Score History
You have not taken this quiz